Interrogar o examinar
Na minha lista:
| Autor principal: | |
|---|---|
| Formato: | Livro |
| Idioma: | espanhol |
| Publicado em: |
Bogotá
Magisterio
1989
|
| coleção: | Colección Mesa Redonda, 4
|
| Assuntos: | |
| Tags: |
Adicionar Tag
Sem tags, seja o primeiro a adicionar uma tag!
|
MARC
| LEADER | 00000nam a2200000 a 4500 | ||
|---|---|---|---|
| 001 | UCX9380 | ||
| 003 | CL-VaPUC | ||
| 008 | 940601e19890000CK |||||||||||||||||spa|d | ||
| 082 | 0 | 4 | |a 371.26 |b NIE |2 21 |
| 100 | |a Nieves Herrera, Juvenal |e autor |9 326770 | ||
| 245 | 1 | 0 | |a Interrogar o examinar |
| 300 | |a 99 p | ||
| 942 | |c BK | ||
| 945 | |d 19940601 00:00:00 |a rbrito | ||
| 260 | |a Bogotá |b Magisterio |c 1989 | ||
| 650 | 0 | |a Evaluación de la educación |9 237505 | |
| 583 | |a last modification |c 19940601 00:00:00 |k Rodrigo Vera | ||
| 490 | 0 | |a Colección Mesa Redonda, 4 | |
| 999 | |c 228638 |d 228636 | ||
| 952 | |0 0 |1 0 |4 0 |6 371_260000000000000_NIE_1989 |7 0 |8 P |9 228927 |a BIBEDU |b BIBEDU |c BIBEDU_PB |d 2019-11-15 |i 2980797 |o 371.26 NIE 1989 |p 2980797 |r 2024-01-25 |w 2019-11-15 |y BK |k EDU | ||
| 952 | |0 0 |1 0 |4 0 |6 371_260000000000000_NIE_1989 |7 0 |8 P |9 228928 |a BIBEDU |b BIBEDU |c BIBEDU_PB |d 2019-11-15 |i 3190153 |o 371.26 NIE 1989 |p 3190153 |r 2024-01-25 |w 2019-11-15 |y BK |k EDU | ||
| 952 | |0 0 |1 0 |4 0 |6 371_260000000000000_NIE_1989 |7 0 |8 P |9 228929 |a BIBEDU |b BIBEDU |c BIBEDU_PB |d 2019-11-15 |i 3190161 |o 371.26 NIE 1989 |p 3190161 |r 2024-01-25 |w 2019-11-15 |y BK |k EDU | ||
| 952 | |0 0 |1 0 |4 0 |6 371_260000000000000_NIE_1989 |7 0 |8 P |9 228930 |a BIBEDU |b BIBEDU |c BIBEDU_PB |d 2019-11-15 |i 4224957 |o 371.26 NIE 1989 |p 4224957 |r 2024-01-25 |w 2019-11-15 |y BK |k EDU | ||